Dodatočná prechodná pomoc pri aplikácii IFRS 15 s účinnosťou od 1. 1. 2018 a neskôr

Keďže aplikácia nového štandardu upravujúceho problematiku výnosov nie je pre mnohé spoločnosti jednoduchá, IASB dňa 12. apríla 2016 vydala novelu IFRS 15 Výnosy zo zmlúv so zákazníkmi, ktorá má byť nápomocná účtovným jednotkám pri objasňovaní niektorých požiadaviek pri prechode na aplikáciu daného...

Full description

Saved in:
Bibliographic Details
Main Author: Mokošová, Daša, 1979-
Format: Book Chapter
Language:Slovak
Subjects:
Tags: Add Tag
No Tags, Be the first to tag this record!

MARC

LEADER 00000nla a2200000 4500
001 0247572
005 20240502073949.5
041 0 |a slo 
044 |a SK 
245 1 0 |a Dodatočná prechodná pomoc pri aplikácii IFRS 15 s účinnosťou od 1. 1. 2018 a neskôr  |c Daša Mokošová 
520 |a Keďže aplikácia nového štandardu upravujúceho problematiku výnosov nie je pre mnohé spoločnosti jednoduchá, IASB dňa 12. apríla 2016 vydala novelu IFRS 15 Výnosy zo zmlúv so zákazníkmi, ktorá má byť nápomocná účtovným jednotkám pri objasňovaní niektorých požiadaviek pri prechode na aplikáciu daného štandardu. 
610 2 0 |a štandardy účtovné medzinárodné 
610 2 0 |a jednotka účtovná 
610 2 0 |a výnosy 
610 2 0 |a výkazníctvo účtovné 
610 2 0 |a výkazy účtovné 
610 2 0 |a harmonizácia 
610 2 0 |a Slovensko 
610 2 0 |a Európska únia 
100 1 |a Mokošová, Daša, 1979-